000 00326 a2200145 4500
001 50078
040 _cAnchieta - Bela Vista
100 _aPestana, Maurício
240 1 0 _aRevolta dos búzios
_lpor
245 1 0 _aRevolta dos búzios
300 _a26
440 1 _aEscola Olodum
650 4 _aLiteratura juvenil
942 _cBK
999 _c50078
_d50078